00877nam a2200193 a 450000100100000000500170001000800410002704000250006810000460009324500690013926000350020830000210024350000430026459000780030750400300038571000680041595201830048399900170066600004639020201002052833.0150806s1986 dr a 000 0 spa d aDO-SdBNPbspacBNPHU1 aBello Díaz, Rafael Emiliod1955-97441710aTécnica electrocardiográfica. /cRafael Emilio Bello Díaz. aSanto Domingo :bUCDEP,c1986. a165 p. ;c21 cm. aIncluye datos biografícos del autor. aPerteneció a la biblioteca personal de Chiqui Vicioso/Fidelio Despradel aBibliografía p: 163-1651 aUniversidad Central Dominicana de Estudios Profesionales974418 0010718PDaPDbPDcHDd2015-08-06iLF1l0o p46390-10r2020-06-25w2020-06-25yLFPDzPerteneció a la biblioteca personal de Chiqui Vicioso / Fidelio Despradel.ZNo se presta c45879d45879